[Event "C.to Provinciale MB"]
[Site "Ceriano Laghetto ITA"]
[Date "2015.02.10"]
[Round "4"]
[White "Monticelli, Francesco"]
[Black "Lombardi, Raffaele"]
[WhiteElo "1715"]
[BlackElo "1709"]
[Result "0-1"]
[PlyCount "118"]
[EventDate "2015.01.20"]

1. e4 e5 2. Nf3 Nc6 3. Bc4 Bc5 4. c3 d6 5. d4 exd4 6. cxd4 Bb4+ 7. Bd2 Bxd2+ 8.
Nbxd2 Bg4 9. Qb3 Na5 10. Bxf7+ Kf8 11. Qc3 Kxf7 12. Qxa5 c6 13. Qc3 Bxf3 14.
Nxf3 Qe7 15. O-O Nf6 16. Rfe1 Rhe8 17. e5 Nd5 18. Qd2 h6 19. exd6 Qxd6 20. Qd3
Kg8 21. Qb3 Qb4 22. Qxb4 Nxb4 23. Rxe8+ Rxe8 24. a3 Nd3 25. Kf1 Re7 26. b3 Nf4
27. Rd1 Rd7 28. b4 Nd5 29. Re1 Re7 30. Rxe7 Nxe7 31. Ke2 Kf7 32. Kd3 Ke6 33. g3
Kd5 34. Nd2 Nf5 35. Nb3 Nd6 36. f3 Nc4 37. a4 Nb2+ 38. Ke3 Nxa4 39. Na5 b6 40.
Nb7 Nc3 41. Nd8 Nb5 42. f4 Nxd4 43. Kd3 c5 44. bxc5 Kxc5 45. Nf7 Nc6 46. f5
Nb4+ 47. Kc3 Nd5+ 48. Kd3 Nf6 49. Ne5 h5 50. h3 b5 51. g4 hxg4 52. hxg4 Kd5 53.
Nf3 Nxg4 54. Kc3 Ne5 55. Nd2 Nc6 56. Kb3 Ke5 57. Nb1 Kxf5 58. Nc3 a6 59. Nd5 g5
0-1

[Event "C.to Provinciale MB"]
[Site "Ceriano Laghetto ITA"]
[Date "2015.02.10"]
[Round "4"]
[White "Origgio, Stefano"]
[Black "Visigalli, Cesare"]
[WhiteElo "1693"]
[BlackElo "1743"]
[Result "1/2-1/2"]
[PlyCount "52"]
[EventDate "2015.01.20"]

1. Nf3 d5 2. c4 c6 3. b3 Bf5 4. Bb2 Nf6 5. g3 e6 6. Bg2 Nbd7 7. O-O Bd6 8. d3
O-O 9. Nbd2 h6 10. Re1 Bb4 11. a3 Bxd2 12. Qxd2 Qb6 13. Rab1 Rad8 14. Qc2 Rfe8
15. Nd2 Ng4 16. c5 Qxc5 17. Qxc5 Nxc5 18. Bd4 Nd7 19. a4 a6 20. h3 Ngf6 21.
Rec1 e5 22. Bb2 e4 23. dxe4 Nxe4 24. Nf1 Nec5 25. Nd2 Ne4 26. Nf1 Nec5 1/2-1/2

[Event "C.to Provinciale MB"]
[Site "Ceriano Laghetto ITA"]
[Date "2015.02.10"]
[Round "4"]
[White "Pino, Nicola"]
[Black "Ronconi, Fausto"]
[WhiteElo "1707"]
[BlackElo "1679"]
[Result "1-0"]
[PlyCount "31"]
[EventDate "2015.01.20"]

1. e4 e6 2. d4 d5 3. e5 c5 4. c3 Nc6 5. Nf3 Bd7 6. Bd3 Rc8 7. O-O cxd4 8. cxd4
Qb6 9. Bc2 Nb4 10. Nc3 Nxc2 11. Qxc2 Ne7 12. Be3 Nf5 13. Rab1 Nxe3 14. fxe3 Qa5
15. Ng5 Be7 16. Nxf7 1-0

[Event "C.to Provinciale MB"]
[Site "Ceriano Laghetto ITA"]
[Date "2015.02.10"]
[Round "4"]
[White "Sala, Pierluigi"]
[Black "Stagno, Roberto"]
[WhiteElo "1527"]
[BlackElo "1503"]
[Result "0-1"]
[PlyCount "106"]
[EventDate "2015.01.20"]

1. c4 e6 2. d4 c5 3. e3 cxd4 4. exd4 d5 5. Nc3 dxc4 6. Bxc4 Bb4 7. Nf3 Ne7 8.
O-O Bxc3 9. bxc3 O-O 10. Re1 Qc7 11. Bb3 Qxc3 12. Ba3 Nbc6 13. Rc1 Qa5 14. Bxe7
Nxe7 15. Re5 Qd8 16. Rec5 b6 17. R5c3 Bb7 18. Ne5 Nd5 19. Rg3 Rc8 20. h3 Nf4
21. Rxc8 Qxc8 22. Qd2 Nh5 23. Rc3 Qa8 24. f3 Rc8 25. Rd3 Nf6 26. Re3 Rd8 27.
Rc3 Qb8 28. Qc2 Nd5 29. Bxd5 Bxd5 30. Rc7 f6 31. Ng4 f5 32. Ne5 Bb7 33. Nd7 Qa8
34. Qc3 Rc8 35. Ne5 Qb8 36. Rxc8+ Qxc8 37. Qxc8+ Bxc8 38. Nc6 Bd7 39. Ne5 Bb5
40. Kf2 Kf8 41. f4 Ke7 42. g3 Kd6 43. Ke3 h6 44. h4 Kd5 45. a3 a6 46. Nf7 Kc4
47. Nd6+ Kb3 48. Nxb5 axb5 49. d5 exd5 50. Kd4 Kxa3 51. Kxd5 b4 52. Ke5 b3 53.
Kxf5 b2 0-1

[Event "C.to Provinciale MB"]
[Site "Ceriano Laghetto ITA"]
[Date "2015.02.10"]
[Round "4"]
[White "Zecca, Alberto"]
[Black "Marcantognini, Denis"]
[WhiteElo "1389"]
[BlackElo "1556"]
[Result "0-1"]
[PlyCount "64"]
[EventDate "2015.01.20"]

1. e4 e6 2. Nf3 d5 3. exd5 exd5 4. d4 Bd6 5. Be2 Nf6 6. h3 O-O 7. Nc3 h6 8. a3
a6 9. Be3 Bf5 10. Bd3 Bxd3 11. Qxd3 Nbd7 12. O-O Re8 13. Qd2 Ne4 14. Qe1 Ndf6
15. Ne2 c5 16. c3 b5 17. Qd1 Qe7 18. b4 c4 19. Nd2 Nxf2 20. Rxf2 Qxe3 21. Kf1
Ne4 22. Nxe4 Rxe4 23. Rf3 Qg5 24. Ra2 Rae8 25. Rf2 R8e6 26. Qd2 Qh4 27. Ra1 Bh2
28. Ng1 Bf4 29. Qc2 Qe7 30. Nf3 Bg3 31. Rd2 Re1+ 32. Nxe1 Rxe1+ 0-1

[Event "C.to Provinciale MB"]
[Site "Ceriano Laghetto ITA"]
[Date "2015.02.17"]
[Round "5"]
[White "Cervini, Gian Piero"]
[Black "Carugati, Mario"]
[WhiteElo "1782"]
[BlackElo "1389"]
[Result "0-1"]
[PlyCount "100"]
[EventDate "2015.01.20"]

1. e4 e5 2. Nf3 Nc6 3. d4 Nf6 4. d5 Ne7 5. Bd3 Ng6 6. h4 Bc5 7. h5 Ng4 8. hxg6
Nxf2 9. gxf7+ Kxf7 10. Nxe5+ Kg8 11. Qf3 Qf6 12. Qxf6 gxf6 13. Rh5 fxe5 14.
Rxe5 Nxd3+ 15. cxd3 Kf7 16. Rf5+ Ke8 17. Re5+ Kf7 18. Bg5 d6 19. Re7+ Kg6 20.
Bd2 Rf8 21. Rxc7 Bg4 22. Rxb7 Rf2 23. Bc3 Re2+ 24. Kd1 Rxb2+ 25. Kc1 Rxb7 26.
Nd2 Be3 27. Kc2 Rf8 28. Rf1 Rxf1 29. Nxf1 Bg5 30. d4 Be2 31. Ng3 Bc4 32. Nf5
Bxa2 33. Nxd6 Bb1+ 34. Kd1 Rb3 35. Ba1 Bd3 36. Ke1 Rb1+ 37. Kf2 Rxa1 38. e5 Bf4
39. g3 Bg5 40. e6 Be7 41. Nc8 Kf6 42. g4 Bb4 43. g5+ Kxg5 44. d6 Bxd6 45. Nxd6
Kf6 46. d5 Ra6 47. Nb7 Ke7 48. Nc5 Ra2+ 49. Ke3 Bg6 50. Kd4 h5 0-1

[Event "C.to Provinciale MB"]
[Site "Ceriano Laghetto ITA"]
[Date "2015.02.17"]
[Round "5"]
[White "Frigerio, Roberto"]
[Black "Modica, Antonino"]
[WhiteElo "1703"]
[BlackElo "1464"]
[Result "1-0"]
[PlyCount "67"]
[EventDate "2015.01.20"]

1. e4 c5 2. Nf3 e6 3. d4 cxd4 4. Nxd4 a6 5. Nc3 Bc5 6. Nb3 Ba7 7. Bd3 Nc6 8.
Qg4 Nf6 9. Qe2 Qc7 10. Be3 Bb8 11. Na4 Ba7 12. Bxa7 Rxa7 13. Qe3 b5 14. Nc3 O-O
15. O-O-O d6 16. Be2 b4 17. Nb1 a5 18. Bb5 Bd7 19. Bxc6 Bxc6 20. Nd4 Rfa8 21.
Nd2 a4 22. Nc4 Bxe4 23. Nxd6 Qxd6 24. Nb5 Qc6 25. Qe2 Qa6 26. Rd6 Qb7 27. Nxa7
Qxa7 28. Rhd1 Rc8 29. Rd8+ Ne8 30. Rxc8 Kf8 31. Qxe4 b3 32. Qb4+ Qe7 33. Qxe7+
Kxe7 34. cxb3 1-0

[Event "C.to Provinciale MB"]
[Site "Ceriano Laghetto ITA"]
[Date "2015.02.17"]
[Round "5"]
[White "Lombardi, Raffaele"]
[Black "Lapiccirella, Daniele"]
[WhiteElo "1709"]
[BlackElo "2228"]
[Result "0-1"]
[PlyCount "60"]
[EventDate "2015.01.20"]

1. e4 c5 2. f4 e6 3. Nf3 d5 4. exd5 exd5 5. Bb5+ Bd7 6. Bxd7+ Nxd7 7. O-O Bd6
8. d3 Ne7 9. Nc3 O-O 10. g3 Nf6 11. Nh4 Qd7 12. Qf3 b5 13. Nd1 Rfe8 14. Nf2 Nc6
15. c3 c4 16. d4 b4 17. Bd2 bxc3 18. Bxc3 Bc7 19. Rae1 Bb6 20. Qd1 Ne4 21. Nf3
f6 22. Kg2 Nd6 23. Qd2 Nf5 24. Nd1 a6 25. h3 Rxe1 26. Rxe1 Re8 27. Ne3 Nxe3+
28. Rxe3 Re4 29. Qe2 Rxe3 30. Qxe3 Kf7 {...} 0-1

[Event "C.to Provinciale MB"]
[Site "Ceriano Laghetto ITA"]
[Date "2015.02.17"]
[Round "5"]
[White "Marcantognini, Denis"]
[Black "Monticelli, Francesco"]
[WhiteElo "1556"]
[BlackElo "1715"]
[Result "1/2-1/2"]
[PlyCount "117"]
[EventDate "2015.01.20"]

1. e4 c6 2. Nf3 d5 3. Nc3 dxe4 4. Nxe4 Bf5 5. Ng3 Bg6 6. Bc4 e6 7. O-O Bd6 8.
d4 Qc7 9. Nh4 Ne7 10. Bd3 Nd7 11. Nxg6 hxg6 12. Qf3 Nf6 13. c4 O-O-O 14. Be3
Nf5 15. Bxf5 gxf5 16. c5 Bxg3 17. Qxg3 Qxg3 18. hxg3 Rh7 19. f3 Rdh8 20. Kf2
Nd5 21. a3 f6 22. Rae1 Kd7 23. Bd2 g5 24. b4 Nc7 25. a4 a6 26. Re2 g4 27. f4
Rd8 28. Bc3 Nd5 29. Rc1 Ke7 30. Bd2 Kd7 31. Rce1 Re8 32. Rb1 Rhe7 33. b5 cxb5
34. axb5 axb5 35. Rxb5 Kc6 36. Rb3 e5 37. fxe5 fxe5 38. Rxe5 Rxe5 39. dxe5 Rxe5
40. Bf4 Nxf4 41. gxf4 Rxc5 42. Ke3 b5 43. Kd4 Rd5+ 44. Kc3 Kc5 45. g3 Rd1 46.
Kc2 Rg1 47. Rc3+ Kd4 48. Rd3+ Ke4 49. Rb3 Rg2+ 50. Kd1 Kd4 51. Rxb5 Rxg3 52.
Rxf5 Ke4 53. Rf8 Rf3 54. Ke2 Rxf4 55. Rxf4+ Kxf4 56. Kf2 g3+ 57. Kg2 Kg4 58.
Kg1 Kh3 59. Kh1 1/2-1/2

[Event "C.to Provinciale MB"]
[Site "Ceriano Laghetto ITA"]
[Date "2015.02.17"]
[Round "5"]
[White "Rigo, Luigi"]
[Black "Zecca, Alberto"]
[WhiteElo "1506"]
[BlackElo "1389"]
[Result "1/2-1/2"]
[PlyCount "55"]
[EventDate "2015.01.20"]

1. e4 e5 2. Nf3 Nc6 3. Bb5 Nf6 4. O-O d6 5. Re1 Be7 6. d4 a6 7. Ba4 b5 8. Bb3
O-O 9. c3 Bb7 10. Nbd2 Qd7 11. Nf1 h6 12. Ng3 Nd8 13. Bc2 Qc8 14. Nf5 Re8 15.
Qd2 Bf8 16. Qd3 Bc6 17. Bd1 Bd7 18. N3h4 Kh7 19. Qg3 g6 20. Ne3 Nxe4 21. Qf3
Ng5 22. Qg3 Be7 23. f4 exf4 24. Qxf4 Nde6 25. Qf2 Rf8 26. Bc2 Ng7 27. Kh1 Qb7
28. Nf1 1/2-1/2

[Event "C.to Provinciale MB"]
[Site "Ceriano Laghetto ITA"]
[Date "2015.02.17"]
[Round "5"]
[White "Ronconi, Fausto"]
[Black "Cavalieri, Riccardo"]
[WhiteElo "1679"]
[BlackElo "1652"]
[Result "0-1"]
[PlyCount "88"]
[EventDate "2015.01.20"]

1. d4 Nf6 2. c4 g6 3. Nf3 Bg7 4. g3 c6 5. Bg2 O-O 6. O-O d5 7. cxd5 cxd5 8. Nc3
Ne4 9. Ng5 Nxc3 10. bxc3 Nc6 11. Qb3 e6 12. Nf3 Na5 13. Qc2 Bd7 14. e4 dxe4 15.
Qxe4 Bc6 16. Qh4 Qxh4 17. Nxh4 Bxg2 18. Kxg2 Rfc8 19. Bd2 Rc6 20. Rab1 b6 21.
Nf3 Nc4 22. Rb3 Nxd2 23. Nxd2 Rac8 24. Nb1 Rc4 25. Rd1 Kf8 26. d5 Rd8 27. Ra3
a5 28. Rb3 Rxd5 29. Rxd5 exd5 30. Rxb6 Bxc3 31. Nxc3 Rxc3 32. Rb5 Ra3 33. Rb2
Ke7 34. Kf1 Kd6 35. Ke1 Kc5 36. Kd1 Kc4 37. Kc1 d4 38. Kb1 d3 39. Rb8 Kc3 40.
Rc8+ Kd2 41. Kb2 Ra4 42. a3 Re4 43. Rd8 Re2 44. f4 Ke1+ 0-1

[Event "C.to Provinciale MB"]
[Site "Ceriano Laghetto ITA"]
[Date "2015.02.17"]
[Round "5"]
[White "Squillante, Michele"]
[Black "Dalla Libera, Sergio"]
[WhiteElo "1710"]
[BlackElo "1589"]
[Result "1/2-1/2"]
[PlyCount "42"]
[EventDate "2015.01.20"]

1. d4 d5 2. Nf3 c5 3. c3 cxd4 4. Nxd4 e5 5. Nf3 Nc6 6. Nbd2 Nf6 7. Nb3 Be7 8.
Bg5 O-O 9. e3 Bg4 10. Be2 e4 11. Nfd4 Bxe2 12. Nxe2 Ne5 13. Nec1 Ng6 14. O-O h6
15. Bxf6 Bxf6 16. Nd4 Ne5 17. Rb1 Be7 18. Qh5 Bg5 19. Qe2 Qb6 20. Qb5 Qxb5 21.
Nxb5 Nc4 1/2-1/2

[Event "C.to Provinciale MB"]
[Site "Ceriano Laghetto ITA"]
[Date "2015.02.17"]
[Round "5"]
[White "Stagno, Roberto"]
[Black "Origgio, Stefano"]
[WhiteElo "1503"]
[BlackElo "1693"]
[Result "1/2-1/2"]
[PlyCount "84"]
[EventDate "2015.01.20"]

1. e4 e5 2. Nc3 Nf6 3. Nf3 Nc6 4. d4 exd4 5. Nxd4 Bb4 6. Nxc6 bxc6 7. Bd3 d5 8.
exd5 cxd5 9. Bb5+ Bd7 10. Qe2+ Qe7 11. Qxe7+ Kxe7 12. Bxd7 Kxd7 13. O-O Bxc3
14. bxc3 Rab8 15. Rd1 Rhe8 16. f3 c6 17. Ba3 Rb5 18. Re1 c5 19. Red1 Kc6 20.
Bc1 Reb8 21. Bf4 R8b7 22. c4 Rb4 23. cxd5+ Nxd5 24. Bd2 Rb2 25. c4 Nb4 26. Bf4
Rd7 27. Rxd7 Kxd7 28. Rd1+ Ke6 29. Bd6 Na6 30. Rd5 Rxa2 31. Bxc5 Nxc5 32. Rxc5
a5 33. h4 a4 34. Kh2 a3 35. Ra5 Ra1 36. Kg3 g6 37. Kf4 a2 38. Ra6+ Kd7 39. c5
Kc7 40. Kg5 Rc1 41. Rxa2 Rxc5+ 42. Kf6 Rh5 1/2-1/2

[Event "C.to Provinciale MB"]
[Site "Ceriano Laghetto ITA"]
[Date "2015.02.24"]
[Round "6"]
[White "Carugati, Mario"]
[Black "Ronconi, Fausto"]
[WhiteElo "1389"]
[BlackElo "1679"]
[Result "0-1"]
[PlyCount "82"]
[EventDate "2015.01.20"]

1. e4 e6 2. Nf3 d5 3. exd5 exd5 4. d3 Nf6 5. Bg5 Be6 6. Nbd2 Be7 7. c3 c5 8.
Qb3 b6 9. Be2 O-O 10. Qc2 Nbd7 11. h3 Rc8 12. d4 c4 13. Nh2 g6 14. Bh6 Re8 15.
Ndf3 Bf5 16. Qd1 Bf8 17. Bg5 Bd3 18. Be3 Bxe2 19. Qxe2 Bh6 20. Ng4 Nxg4 21.
hxg4 Bxe3 22. fxe3 Qe7 23. Kd2 Nf6 24. Ne5 Ne4+ 25. Kc2 Ng3 26. Qf3 Nxh1 27.
Rxh1 f6 28. Nxg6 hxg6 29. Qh3 Qg7 30. Qf3 Re4 31. Qh3 Rce8 32. Re1 g5 33. Kd2
Qg6 34. Rh1 Qg7 35. Re1 Qh7 36. Qg3 Qh4 37. Qf3 Kg7 38. Rf1 R8e6 39. b3 Qxg4
40. bxc4 Qxf3 41. Rxf3 dxc4 0-1

[Event "C.to Provinciale MB"]
[Site "Ceriano Laghetto ITA"]
[Date "2015.02.24"]
[Round "6"]
[White "Dalla Libera, Sergio"]
[Black "De Maio, Domenico"]
[WhiteElo "1589"]
[BlackElo "1671"]
[Result "1-0"]
[PlyCount "37"]
[EventDate "2015.01.20"]

1. e4 c5 2. Nf3 Nc6 3. Nc3 g6 4. Bc4 Bg7 5. Ne2 e6 6. c3 d5 7. exd5 exd5 8. Bb5
Qd6 9. d4 Bg4 10. Bf4 Qf6 11. Be5 Qf5 12. Bxg7 Bxf3 13. gxf3 Qxf3 14. Rg1 O-O-O
15. Bxh8 Nh6 16. Bg7 Ng4 17. Rxg4 Qxg4 18. Qd3 c4 19. Qe3 1-0

[Event "C.to Provinciale MB"]
[Site "Ceriano Laghetto ITA"]
[Date "2015.02.24"]
[Round "6"]
[White "Lapiccirella, Daniele"]
[Black "Pino, Nicola"]
[WhiteElo "2228"]
[BlackElo "1707"]
[Result "1-0"]
[PlyCount "69"]
[EventDate "2015.01.20"]

1. d4 d5 2. c4 c6 3. Nf3 Nf6 4. e3 e6 5. Bd3 Nbd7 6. O-O Bd6 7. Nbd2 O-O 8. e4
dxe4 9. Nxe4 Nxe4 10. Bxe4 h6 11. Bc2 e5 12. Re1 exd4 13. Qxd4 Bc5 14. Qc3 a5
15. a3 Nf6 16. Be3 Bxe3 17. Rxe3 Be6 18. Nd4 Re8 19. Nxe6 Rxe6 20. Rxe6 fxe6
21. Re1 Kf7 22. Qe3 Qd7 23. Rd1 Qe7 24. Qb6 Ra6 25. Qd4 c5 26. Qe5 Rc6 27. Ba4
Rc7 28. h3 b6 29. Rd6 Rb7 30. Bc6 Rb8 31. Bf3 Rd8 32. Rxb6 Nd7 33. Qf4+ Qf6 34.
Qc7 Ke7 35. Bg4 1-0

[Event "C.to Provinciale MB"]
[Site "Ceriano Laghetto ITA"]
[Date "2015.02.24"]
[Round "6"]
[White "Monticelli, Francesco"]
[Black "Frigerio, Roberto"]
[WhiteElo "1715"]
[BlackElo "1703"]
[Result "1-0"]
[PlyCount "35"]
[EventDate "2015.01.20"]

1. e4 e5 2. Nf3 Nc6 3. Bc4 Nf6 4. d3 Be7 5. c3 a6 6. a4 d5 7. exd5 Nxd5 8. Qe2
f6 9. b4 Nxc3 10. Nxc3 Bxb4 11. Bb2 Nd4 12. Nxd4 Qxd4 13. Rc1 Bf5 14. O-O Qd7
15. Nd5 Bd6 16. Rfe1 Qxa4 17. Qf3 Qd7 18. Ne3 1-0

[Event "C.to Provinciale MB"]
[Site "Ceriano Laghetto ITA"]
[Date "2015.02.24"]
[Round "6"]
[White "Origgio, Stefano"]
[Black "Cavalieri, Riccardo"]
[WhiteElo "1693"]
[BlackElo "1652"]
[Result "0-1"]
[PlyCount "98"]
[EventDate "2015.01.20"]

1. Nf3 Nf6 2. c4 g6 3. Nc3 d5 4. d4 Bg7 5. cxd5 Nxd5 6. Qa4+ Nc6 7. e3 O-O 8.
Bd2 Nb6 9. Qb5 a6 10. Qg5 e5 11. dxe5 Nxe5 12. Qxd8 Rxd8 13. Nxe5 Bxe5 14. f4
Bg7 15. O-O-O Be6 16. Kb1 Bxc3 17. bxc3 Bg4 18. Kc2 Bxd1+ 19. Kxd1 Rd7 20. Kc2
Rad8 21. Be1 Nd5 22. Bf2 Nxf4 23. Bh4 Nd5 24. Bxd8 Nxe3+ 25. Kb3 Nxf1 26. Bf6
Nd2+ 27. Kb4 Ne4 28. Bd4 c5+ 29. Bxc5 Nxc5 30. Kxc5 Rd2 31. g3 Rxa2 32. c4 Rc2
33. h3 f5 34. Rg1 Kf7 35. h4 h6 36. Rb1 b5 37. Rb3 Rxc4+ 38. Kb6 Ra4 39. Rc3 b4
40. Rc7+ Ke6 41. Rc6+ Kd5 42. Rxg6 b3 43. Kc7 Rb4 44. Rd6+ Ke4 45. Re6+ Kf3 46.
Re1 b2 47. Rb1 a5 48. Kc6 a4 49. Kc5 Rb8 0-1

[Event "C.to Provinciale MB"]
[Site "Ceriano Laghetto ITA"]
[Date "2015.02.24"]
[Round "6"]
[White "Regorda, Vittorio"]
[Black "Stagno, Roberto"]
[WhiteElo "1791"]
[BlackElo "1503"]
[Result "1-0"]
[PlyCount "91"]
[EventDate "2015.01.20"]

1. Nf3 c5 2. c4 Nc6 3. Nc3 Nf6 4. e4 e5 5. g3 b6 6. d3 h6 7. Bg2 Bb7 8. O-O d6
9. Nh4 Bc8 10. f4 Be7 11. Nf3 Bg4 12. h3 Bxf3 13. Qxf3 Nd4 14. Qf2 Rb8 15. fxe5
dxe5 16. Nd5 Rf8 17. Nxe7 Qxe7 18. Bxh6 Nh5 19. Be3 Nxg3 20. Bxd4 Nxf1 21. Bc3
Qg5 22. Rxf1 f6 23. Bd2 Qg6 24. Qf5 Qf7 25. Bc3 Rh8 26. Bf3 g6 27. Qg4 Ke7 28.
Bg2 Rh5 29. Rf3 Rbh8 30. Rg3 g5 31. Qd1 Kd6 32. b4 Rb8 33. Rf3 Rh6 34. Rf5 Qh7
35. Qf1 Qh8 36. b5 Rb7 37. Kf2 a6 38. bxa6 Ra7 39. Ke3 Rxa6 40. Qf2 Ke6 41. Qb2
Qb8 42. Qb5 Rxa2 43. Qc6+ Qd6 44. Qxd6+ Kxd6 45. Rf2 Ra8 46. Bf1 {...} 1-0

[Event "C.to Provinciale MB"]
[Site "Ceriano Laghetto ITA"]
[Date "2015.02.24"]
[Round "6"]
[White "Viale, Fabio"]
[Black "Lombardi, Raffaele"]
[WhiteElo "1825"]
[BlackElo "1709"]
[Result "1/2-1/2"]
[PlyCount "62"]
[EventDate "2015.01.20"]

1. d4 Nf6 2. c4 e5 3. dxe5 Ng4 4. Nf3 Bc5 5. e3 Nc6 6. Bd2 Ngxe5 7. Be2 O-O 8.
O-O d6 9. a3 a5 10. Nc3 Be6 11. Nd5 Bxd5 12. cxd5 Nxf3+ 13. Bxf3 Ne5 14. Bc3
Qe7 15. Bd4 h6 16. Be2 Ng6 17. Rc1 Rfe8 18. Bb5 Rec8 19. Qg4 Ne5 20. Qe4 Rd8
21. Bd3 Ng6 22. Qxe7 Nxe7 23. Bxc5 dxc5 24. Rxc5 Rxd5 25. Rxc7 Rxd3 26. Rxe7
Rb3 27. Rb1 Rc8 28. g3 Rc2 29. Kg2 Rbxb2 30. Rxb2 Rxb2 31. a4 Kf8 1/2-1/2

[Event "C.to Provinciale MB"]
[Site "Ceriano Laghetto ITA"]
[Date "2015.02.24"]
[Round "6"]
[White "Visigalli, Cesare"]
[Black "Marcantognini, Denis"]
[WhiteElo "1743"]
[BlackElo "1556"]
[Result "1-0"]
[PlyCount "85"]
[EventDate "2015.01.20"]

1. e4 e6 2. f4 d5 3. exd5 exd5 4. Nf3 Nf6 5. d3 Bb4+ 6. Bd2 Bxd2+ 7. Nbxd2 O-O
8. Be2 Qd6 9. Ne5 Qb4 10. O-O Qxb2 11. Nb3 Qc3 12. Bf3 c6 13. Rb1 Nbd7 14. d4
a5 15. Nc1 a4 16. Ne2 Qe3+ 17. Kh1 Ne4 18. Bxe4 Qxe4 19. Ng3 Qe3 20. Rf3 Qxf3
21. Qxf3 Nf6 22. h3 a3 23. Rb3 Ra4 24. Qc3 Re8 25. Rxa3 Rc4 26. Qd3 g6 27. Nxc4
dxc4 28. Qxc4 Nd5 29. Ne2 Be6 30. Qd3 Nb4 31. Qd2 Nd5 32. c4 Ne7 33. Qb4 Nf5
34. Kg1 b5 35. cxb5 Bd5 36. Kf2 cxb5 37. Qxb5 Rxe2+ 38. Qxe2 Be6 39. Ra8+ Kg7
40. Qe5+ Kh6 41. g4 Nh4 42. g5+ Kh5 43. Qe2+ 1-0

[Event "C.to Provinciale MB"]
[Site "Ceriano Laghetto ITA"]
[Date "2015.02.24"]
[Round "6"]
[White "Zecca, Alberto"]
[Black "Brisotto, Stefano"]
[WhiteElo "1389"]
[BlackElo "1472"]
[Result "0-1"]
[PlyCount "50"]
[EventDate "2015.01.20"]

1. e4 c5 2. c4 Nc6 3. Nf3 d6 4. Nc3 Nf6 5. Be2 e5 6. d3 Be7 7. a3 O-O 8. O-O
Nd4 9. Nxd4 cxd4 10. Na2 Bd7 11. b4 b5 12. cxb5 Bxb5 13. f4 Qd7 14. Bb2 a5 15.
f5 axb4 16. Nxb4 d5 17. Qe1 dxe4 18. dxe4 d3 19. Bd1 d2 20. Qg3 Bxf1 21. Kxf1
Bxb4 22. Bxe5 Be7 23. Bf3 Qd3+ 24. Kg1 Rfd8 25. h4 Qe3+ 0-1

[Event "C.to Provinciale TN"]
[Site "Aldeno ITA"]
[Date "2015.01.23"]
[Round "1"]
[White "Chini, Fabrizio"]
[Black "Seresin, Francesco"]
[WhiteElo "1641"]
[BlackElo "2075"]
[Result "0-1"]
[PlyCount "44"]
[EventDate "2015.01.23"]

1. d4 f5 2. Nf3 Nf6 3. g3 g6 4. Bg2 Bg7 5. O-O O-O 6. b3 d6 7. Bb2 Ne4 8. Nbd2
c5 9. c4 Nc6 10. e3 e6 11. a3 Qe7 12. Qc2 Nxd2 13. Qxd2 e5 14. dxe5 dxe5 15.
Rfd1 Rd8 16. Qc2 Be6 17. Rxd8+ Rxd8 18. Rd1 e4 19. Rxd8+ Qxd8 20. Bxg7 exf3 21.
Bxf3 Kxg7 22. Qc3+ Qf6 0-1

[Event "C.to Provinciale TN"]
[Site "Aldeno ITA"]
[Date "2015.01.23"]
[Round "1"]
[White "Ciola, Alberto"]
[Black "Buratti, Paolo"]
[WhiteElo "1879"]
[BlackElo "1440"]
[Result "0-1"]
[PlyCount "90"]
[EventDate "2015.01.23"]

1. d4 Nf6 2. c4 d6 3. Nc3 g6 4. e4 Bg7 5. Nf3 O-O 6. Be2 c5 7. d5 Bg4 8. O-O
Nbd7 9. h3 Bxf3 10. Bxf3 Nb6 11. Be2 Nfd7 12. Bd3 Ne5 13. Qe2 e6 14. f4 Nxd3
15. Qxd3 exd5 16. Nxd5 Bd4+ 17. Kh1 Nxd5 18. exd5 Qf6 19. Rb1 Rae8 20. f5 Kg7
21. Bd2 g5 22. Qg3 h6 23. Bf4 Be5 24. Bxe5 Rxe5 25. Rbe1 Rfe8 26. Rxe5 Qxe5 27.
Qxe5+ Rxe5 28. Rf2 Kf6 29. g4 Re4 30. b3 Ke5 31. Rd2 Kf4 32. Kg2 Ke3 33. Rf2
Kd3 34. Rf3+ Re3 35. f6 Rxf3 36. Kxf3 b6 37. h4 a6 38. hxg5 hxg5 39. a3 a5 40.
a4 Kd4 41. Kf2 Ke4 42. Kg3 Ke5 43. Kf3 Kxf6 44. Ke4 Kg6 45. Kf3 f5 0-1

[Event "C.to Provinciale TN"]
[Site "Aldeno ITA"]
[Date "2015.01.23"]
[Round "1"]
[White "Dallaglio, Giovanni"]
[Black "Comai, Samuele"]
[WhiteElo "1953"]
[BlackElo "1636"]
[Result "0-1"]
[PlyCount "94"]
[EventDate "2015.01.23"]

1. d4 Nf6 2. Nf3 c5 3. e3 cxd4 4. exd4 d6 5. c4 g6 6. Nc3 Bg7 7. Be2 O-O 8. O-O
b6 9. b3 Bb7 10. Bb2 Nbd7 11. Qd2 d5 12. Rfd1 Qc7 13. cxd5 Nxd5 14. Nxd5 Bxd5
15. Rac1 Qd6 16. Ne5 Rfd8 17. f4 Bb7 18. Qe3 Nf6 19. Bf3 Nd5 20. Qd2 Bh6 21. g3
Nxf4 22. gxf4 Bxf3 23. Nxf3 Bxf4 24. Qe2 Bxc1 25. Rxc1 Qf4 26. Rf1 Qg4+ 27. Kh1
e6 28. Qe3 Qh3 29. Qf2 Rd5 30. Ne5 Qf5 31. Qg2 Qh5 32. Nxf7 Rf8 33. Ne5 Rf5 34.
Rxf5 Qxf5 35. Qe2 Ra5 36. a4 Rd5 37. Nc6 Qb1+ 38. Kg2 Rg5+ 39. Kf2 Qg1+ 40. Kf3
Qh1+ 41. Kf4 Rf5+ 42. Kg3 Qxc6 43. h4 Qd6+ 44. Kg2 Qd5+ 45. Kg3 Qxb3+ 46. Kh2
Rf3 47. Qg2 Qe3 0-1

[Event "C.to Provinciale TN"]
[Site "Aldeno ITA"]
[Date "2015.01.23"]
[Round "1"]
[White "Paoli, Luigino"]
[Black "De Nisi, Roberta"]
[WhiteElo "1494"]
[BlackElo "1913"]
[Result "0-1"]
[PlyCount "96"]
[EventDate "2015.01.23"]

1. c4 f5 2. Nf3 Nf6 3. Nc3 g6 4. d3 Bg7 5. g3 O-O 6. Bg2 Nc6 7. O-O e5 8. a3 d6
9. b4 Nh5 10. Bb2 f4 11. Ne4 Bf5 12. Nfg5 h6 13. Nh3 Qd7 14. e3 Bxh3 15. exf4
exf4 16. Bxg7 Kxg7 17. Re1 Bxg2 18. Kxg2 f3+ 19. Kh1 Qh3 20. Rg1 Ne5 21. Qf1
Qxf1 22. Rgxf1 Nxd3 23. Rad1 Ne5 24. c5 Nf6 25. Nxf6 Rxf6 26. cxd6 Rxd6 27. Rc1
c6 28. Rc3 Rad8 29. Re3 Rd1 30. Rfe1 Rxe1+ 31. Rxe1 Kf6 32. Kg1 Rd3 33. Ra1 Rd2
34. h3 Nd3 35. Rf1 Ra2 36. g4 Rxa3 37. Kh2 Nxb4 38. Kg3 c5 39. Rd1 Nd3 40. Rd2
Ne5 41. Rd6+ Ke7 42. Rd5 Nd7 43. Kf4 Ke6 44. Rd1 g5+ 45. Kg3 c4 46. Re1+ Ne5
47. Rd1 Rd3 48. Ra1 c3 0-1

[Event "C.to Provinciale TN"]
[Site "Aldeno ITA"]
[Date "2015.01.23"]
[Round "1"]
[White "Pedrotti, Luciano"]
[Black "La Manna, Andrea"]
[WhiteElo "1774"]
[BlackElo "2184"]
[Result "0-1"]
[PlyCount "58"]
[EventDate "2015.01.23"]

1. e4 d5 2. exd5 Nf6 3. Nc3 Nxd5 4. Qf3 e6 5. Bc4 Nf6 6. d3 Nc6 7. Nge2 Bd6 8.
Bf4 Ne5 9. Bxe5 Bxe5 10. O-O-O c6 11. d4 Bd6 12. Ne4 Nxe4 13. Qxe4 Qc7 14. g3
Bd7 15. Rhe1 O-O 16. Nf4 Rad8 17. h4 c5 18. dxc5 Bxc5 19. Nd3 Bc6 20. Qg4 Rd4
21. f4 Rxc4 22. Ne5 Re4 23. Rxe4 Bxe4 24. Qe2 Bd5 25. c4 Bc6 26. Qd3 Be7 27.
Nxc6 Qxc6 28. b3 Bf6 29. Qd6 Qg2 0-1

[Event "C.to Provinciale TN"]
[Site "Aldeno ITA"]
[Date "2015.01.23"]
[Round "1"]
[White "Perino, Alberto"]
[Black "Matei, Cristian"]
[WhiteElo "1440"]
[BlackElo "1778"]
[Result "0-1"]
[PlyCount "114"]
[EventDate "2015.01.23"]

1. e4 c6 2. d3 d5 3. Nd2 Qc7 4. Ngf3 Bg4 5. g3 Nf6 6. Bg2 Nbd7 7. h3 Bh5 8. Qe2
O-O-O 9. O-O dxe4 10. dxe4 Ne5 11. b4 e6 12. b5 Bb4 13. g4 Bg6 14. bxc6 Nxc6
15. e5 Nd5 16. Nc4 Nc3 17. Qe3 Bxc2 18. Ne1 Nd1 19. Qf3 Nd4 20. Qxb7+ Qxb7 21.
Bxb7+ Kxb7 22. Nxc2 Nxc2 23. Rb1 Ka8 24. Bb2 Nc3 25. Bxc3 Bxc3 26. Rfc1 Nd4 27.
Kf1 Rc8 28. Rxc3 Rc6 29. Rbc1 Rhc8 30. f4 R8c7 31. Kf2 a6 32. Nb6+ Kb7 33. Nc4
Ka7 34. a4 Nb3 35. Rxb3 Rxc4 36. Rxc4 Rxc4 37. Kf3 Rxa4 38. f5 Rd4 39. Ke3 Rd1
40. Kf4 a5 41. Kg5 Rf1 42. fxe6 fxe6 43. Rd3 Rf7 44. Rd6 Re7 45. h4 Kb8 46. Ra6
Ra7 47. Rxe6 a4 48. Re8+ Kb7 49. Re7+ Kb6 50. Rxa7 Kxa7 51. e6 a3 52. e7 a2 53.
e8=Q a1=Q 54. Qe3+ Kb8 55. Qb3+ Ka7 56. Qe3+ Kb8 57. h5 Qf6# 0-1